000 00521nam a2200217Ia 4500
003 OSt
005 20260113154403.0
008 210210b2004 xxu||||| |||| 00| 0 eng d
020 _a81 8054 259 9
040 _cAL
041 _aEnglish
082 _a536 BAPD
100 _aBapat M N
_9251126
245 _aD s mathurs heat and thermodynamics.
250 _a5
260 _aN D
_bSultan Chand & Sons
_c2004
300 _axviii,667
650 _aHeat Thermodynamics
_9251127
906 _a060692
942 _2ddc
_cBK
999 _c107594
_d107594